Provincias españolas - Ahorcado aleatorio - Estadísticas

Estadísticas generales
  • Esta prueba ha sido intentada 32.299 veces
  • La puntuación promedio es 4 de 7
Estadísticas de respuestas
Letra % Correcto
Provincia A
98%
Provincia A
98%
Provincia A
95%
Provincia A
95%
Provincia A
94%
Provincia A
94%
Provincia A
94%
Provincia A
94%
Provincia A
93%
Provincia A
93%
Provincia A
93%
Provincia A
93%
Provincia A
93%
Provincia A
93%
Provincia A
92%
Provincia A
92%
Provincia A
91%
Provincia A
91%
Provincia A
90%
Provincia A
90%
Provincia A
90%
Provincia Á
88%
Provincia E
75%
Provincia E
75%
Provincia E
68%
Provincia E
65%
Provincia L
65%
Provincia E
62%
Provincia E
60%
Provincia E
60%
Provincia L
60%
Provincia L
60%
Provincia R
60%
Provincia Í
59%
Provincia O
59%
Provincia R
59%
Provincia M
56%
Provincia I
55%
Provincia R
54%
Provincia S
54%
Provincia S
53%
Provincia I
52%
Provincia O
52%
Provincia U
52%
Provincia N
51%
Provincia C
48%
Provincia S
48%
Provincia C
47%
Provincia V
47%
Provincia R
46%
Provincia S
46%
Provincia C
45%
Provincia R
45%
Provincia R
45%
Provincia V
45%
Provincia G
43%
Provincia Ó
42%
Provincia O
42%
Provincia D
39%
Provincia R
39%
Provincia R
37%
Provincia R
37%
Provincia I
36%
Provincia L
36%
Provincia O
35%
Provincia C
34%
Provincia D
34%
Provincia O
34%
Provincia V
34%
Provincia B
33%
Provincia I
33%
Provincia O
33%
Provincia D
32%
Provincia G
32%
Provincia C
31%
Provincia I
31%
Provincia I
31%
Provincia N
31%
Provincia B
30%
Provincia N
30%
Provincia Ñ
29%
Provincia U
27%
Provincia Z
22%
Provincia B
21%
Provincia J
21%
Provincia V
20%
Provincia J
15%
Provincia Z
13%
Provincia Z
13%
Provincia Y
11%
Provincia K
9%
No se encontraron pruebas coincidentes
Distribución de puntuación
Porcentaje de gente con cada puntuación
Porcentaje por número respondido
Historial de tus puntuaciones
No has intentado esta prueba.